| 000 | 00752cam a2200193 4500 | ||
|---|---|---|---|
| 001 | WB3813-13 | ||
| 008 | 020410n2002 000 0 eng u | ||
| 035 | _a(Sirsi) u117434 | ||
| 245 | _aHouse abandonment action | ||
| 260 | _c2002 | ||
| 490 |
_aDTLR News Release _v(2002/0154) 10 April 2002, (2) |
||
| 520 | _aNine government-led pathfinder projects located in the North and West Midlands have been announced to find ways of revitalising rundown city housing areas. Areas to be covered range from 40 000 to 120 000 properties. http://www.press.dtlr.gov.uk/pns/DisplayPN.cgi?pn_id=2002_0154 | ||
| 590 | _aWB | ||
| 650 | _aSOCIAL HOUSING | ||
| 650 | _aPATHFINDER PROJECTS | ||
| 650 | _aDERELICT BUILDINGS | ||
| 690 | _aHOUSING | ||
| 942 | _n0 | ||
| 999 |
_c69960 _d69960 |
||